Bienvenue à la Médiathèque de Saint-Andiol
banniere
Accueil Recherche avancée Mon compte
handi1 Rechercher dans le catalogue

Filtre   Mots-clés
  Recherche avancée
 
Lister les dernières nouveautés
 
Lister les livres GROS CARACTERES
 
Lister les périodiques (magazines)

handi1 petite princesse ! (Une)

Book Cover
Auteur principal : Audrey Alwett
Autres auteurs : Nora Moretti
Titre : petite princesse ! (Une)
Support : Livres
Langue : Francais
Publié : DL 2011 Soleil Toulon
Series : Princesse Sara
Genre : Bande Dessinée (enfants)
Collection : Blackberry
Sujets :
Étiquettes :
Pas de tags
LEADER 00996nam0a2200229 450
001 16832825
010 |a 978-2-302-01947-8  |b Br.  |d 10,95 € 
100 |a 20131230d2026 u u0frey01 ba 
101 0 |a fre 
102 |a FR 
200 0 |a petite princesse ! (Une)  |f Audrey Alwett, Nora Moretti 
207 1 |a   
210 |a Toulon  |c Soleil  |d DL 2011 
215 |a 1 vol. (45 p.)  |c ill. en coul.  |d 30 cm 
225 1 |a Blackberry  |v 4 
330 |a A force de vouloir arracher son sourire à Sara, Miss Minchin finit par effrayer les jeunes élèves de son pensionnat. Ce qu'elle ignore, c'est qu'un mystérieux bienfaiteur transforme la vie de l'orpheline en conte de fées et que cette dernière mange maintenant à sa faim... 
461 0 |t Princesse Sara  |v 4 
700 0 |a Alwett  |b Audrey  |f 1982-....  |4 70 
701 0 |a Moretti  |b Nora  |f 1980-....  |4 440 
900 |a Bande Dessinée (enfants) 
901 |a Jeunesse 
995 |a Médiathèque  |c Médiathèque  |f 089013071  |h 089013071  |k BD PRI T.4  |o p  |q j  |r az  |e Médiathèque